• 首页
  • 本馆介绍
  • 公告通知
  • 最新文献
  • 馆藏检索
  • 电子资源
  • 读者导购
  • 参考咨询
  • 我的图书馆
  • 登录
  • 详细信息显示
  • 放入我的书架
  • 预约/预借图书
  • 作者相关作品
  • 分类相关作品
  • 丛书相关作品
  • 出版社相关作品

书目信息

  • 表格格式
  • 工作单格式
  • 卡片格式
题名:
常用工具软件实训教程
    
 
作者: 黄骁 主编 ;技能型紧缺人才培养培训教材编委会 编写
分册:  
出版信息: 北京   海洋出版社  2004
页数: 260页
开本: 26cm
丛书名:
单 册:
中图分类: TP311.56
科图分类:
主题词: 软件工具--技术学校--教材
电子资源:
ISBN: 7-5027-6124-1
000 01057nam0 2200253 450
001 TS-082244
005 20070109081645.98
010    @a7-5027-6124-1@dCNY25.00
100    @a20060829d2004 em y0chiy0110 ea
101 0  @achi
102    @aCN@b110000
105    @ay z 000yy
200 1  @a常用工具软件实训教程@Achang yong gong ju ruan jian shi xun jiao cheng@f黄骁主编@FHuang Xiao Zhu Bian@g技能型紧缺人才培养培训教材编写委员会编写
210    @a北京@c海洋出版社@d2004
215    @a260页@d26cm
300    @a全国职业院校技能型紧缺人才培养培训教材
304    @a中国计算机学会职业教育专业委员会专家组审定
330    @a该教程包括20类、40多种常用工具软件的相关知识和其下载、安装和正确的使用方法及技巧,工具包括:系统保护工具、系统设置工具、磁盘工具、数据备份工具等。
606 0  @a软件工具@x技术学校@y教材
690    @aTP311.56@v4
701  0 @a黄骁@Ahuang xiao@4主编
712 02 @a技能型紧缺人才培养培训教材编委会@Aji neng xing jin que ren cai pei yang pei xun jiao cai bian wei hui@4编写
801  0 @aCN@b中图数据@c20070109
905    @a10447@dTP311.56@e1
    
    常用工具软件实训教程/黄骁主编/技能型紧缺人才培养培训教材编写委员会编写.-北京:海洋出版社,2004
    260页;26cm
    全国职业院校技能型紧缺人才培养培训教材
    
    ISBN 7-5027-6124-1:CNY25.00
    该教程包括20类、40多种常用工具软件的相关知识和其下载、安装和正确的使用方法及技巧,工具包括:系统保护工具、系统设置工具、磁盘工具、数据备份工具等。
●
相关链接 在E读中查询图书 在五车中查询图书 在当当中查询图书 在豆瓣中查询图书


正题名:常用工具软件实训教程     索取号:TP311.56/1         预约/预借

序号 登录号 条形码 馆藏地/架位号 状态 备注
1 0608431   206084315   第二样本阅览室/ [索取号:TP311.56/1] 在馆    
2 0608432   206084324   密集书库/ [索取号:TP311.56/1] 在馆    
3 0608433   206084333   密集书库/ [索取号:TP311.56/1] 在馆    
4 0608434   206084342   密集书库/ [索取号:TP311.56/1] 在馆    
5 0608435   206084351   密集书库/ [索取号:TP311.56/1] 在馆    
6 0608436   206084360   密集书库/ [索取号:TP311.56/1] 在馆    
唐山师范学院图书馆 欢迎您!
大连网信软件有限公司© 版权所有